000 00356nam a2200145Ia 4500
008 240624s9999 xx 000 0 und d
041 _aeng
082 _a413 IVA
100 _aIVANOVIC A
245 _aDICTIONARY OF HUMAN RESOURCES AND PERSON
250 _a(3rd ed.)
260 _c2003
_aLondon
_bBloomsbury
300 _a281 : p. : cm. ; 21
365 _cRS
999 _c2535
_d2535